[Event "Brussels"]
[Site "Brussels"]
[Date "1987.04.22"]
[Round "10"]
[White "Winants, Luc"]
[Black "Short, Nigel D"]
[Result "1/2-1/2"]
[WhiteElo "2415"]
[BlackElo "2615"]
[Annotator "Winants,L"]
[PlyCount "111"]
[EventDate "1987.04.10"]
[EventType "tourn"]
[EventRounds "11"]
[EventCountry "BEL"]
[EventCategory "14"]
[SourceTitle "CBM 002"]
[Source "ChessBase"]
[SourceDate "1988.02.01"]
[SourceVersion "1"]
[SourceVersionDate "1988.02.01"]
[SourceQuality "1"]

1. d4 Nf6 2. c4 e6 3. Nf3 Bb4+ 4. Nc3 c5 5. g3 d5 6. cxd5 Nxd5 7. Bd2 Nc6 8.
Bg2 cxd4 9. Nxd4 Nxd4 10. Nxd5 Bxd2+ 11. Qxd2 e5 $5 ({Instead of} 11... Nc6 {
, Kasparov,G-Karpov,A / London 1986}) 12. O-O (12. e3 Bh3) 12... O-O $1 (12...
Be6 13. Qe3 $1 {Short}) 13. f4 $5 {What else?} (13. e3 Be6 $1 (13... Bh3 $2 14.
f4 {with a clear white edge}) 14. exd4 Bxd5 15. dxe5 Bxg2 16. Qxd8 Rfxd8 17.
Kxg2 Rd2) 13... Be6 14. e4 Bxd5 15. exd5 Qb6 16. Kh1 exf4 17. Qxf4 ({More
prudent was} 17. Rxf4 Nb5 18. Rg4 Rac8 19. a4 Nd6 20. Rxg7+ {with equal play.})
17... Rad8 18. Rae1 Nb5 (18... Rd7 19. Bh3 Rxd5 20. Qxf7+ $1) 19. Re7 Nd6 20.
b3 Rfe8 21. Rfe1 Rxe7 22. Rxe7 Qc5 (22... a5 $142 $1 {increasing the control
of the black squares.}) 23. b4 Qc3 24. h4 h6 25. Kh2 a5 26. bxa5 Qxa5 27. a4
Qc5 28. g4 $5 Kf8 29. Re1 Ne8 30. Rb1 {Useless} (30. Rc1 $1) 30... Qe7 $2 {
Missing his chance.} (30... Qd6 31. Qg3 (31. Kg3 Rc8 $5 (31... g5 $15) 32. Rxb7
$2 Rc3+ 33. Bf3 Rxf3+ 34. Kxf3 Qxd5+ 35. Qe4 Qxe4+ 36. Kxe4 Nd6+ {and wins})
31... Qxg3+ 32. Kxg3 Nd6 33. g5 hxg5 34. hxg5 Rc8 $15) 31. g5 hxg5 32. hxg5 Qd6
33. Kg3 Qxf4+ 34. Kxf4 Nd6 35. Rh1 Ke7 36. Re1+ Kf8 37. Rh1 Rc8 38. Rh8+ Ke7
39. Rxc8 Nxc8 40. Ke5 b6 41. Bf1 Nd6 42. Bd3 Kd7 43. Be2 Nb7 44. Ba6 Nd6 45.
Be2 Ke7 46. Bd3 f6+ 47. gxf6+ gxf6+ 48. Kd4 Ne8 49. Bg6 Nc7 50. a5 $5 bxa5 51.
Kc5 Na6+ 52. Kb6 a4 53. Kxa6 Kd6 54. Kb5 a3 55. Bb1 Kxd5 56. Kb4 1/2-1/2

[Event "EU-ch 12th"]
[Site "Aix les Bains"]
[Date "2011.03.28"]
[Round "7"]
[White "Wojtaszek, Radoslaw"]
[Black "Hracek, Zbynek"]
[Result "1-0"]
[WhiteElo "2711"]
[BlackElo "2631"]
[Annotator "Wojtaszek,R"]
[PlyCount "53"]
[EventDate "2011.03.22"]
[EventType "swiss"]
[EventRounds "11"]
[EventCountry "FRA"]
[SourceTitle "CBM 142 Extra"]
[Source "ChessBase"]
[SourceDate "2011.06.27"]
[SourceVersion "1"]
[SourceVersionDate "2011.06.27"]
[SourceQuality "1"]

{This game was important for me because it was the last one before the free
day and it's always better to rest with a win. The problem was that my
opponent has a very solid style, so I expected a difficult game.} 1. d4 Nf6 2.
c4 e6 3. Nc3 Bb4 4. Nf3 {I used to play this line quite often but I've never
had good results in those games. This time I decided to try it one more time
because I thought it could be a surprise for my opponent.} c5 ({3 games later,
GM Khairulin reacted in a different way:} 4... b6 {and after} 5. e3 Bb7 6. Bd3
O-O 7. O-O d5 {we ended up in a classical line of the e3 Nimzo. After a
strategic battle I was able to win that game.}) 5. g3 cxd4 6. Nxd4 Ne4 (6...
O-O 7. Bg2 d5 8. cxd5 Nxd5 9. Qb3 Nc6 10. Nxc6 bxc6 11. O-O {is more popular
than my opponent's choice.}) 7. Qc2 $5 {A very rare line which I had analysed
back in 2006. I decided that it could be a good try against a solid player.} (
7. Qd3 {is the main line but recently Black is doing fine after} Bxc3+ 8. bxc3
Nc5) 7... Qa5 (7... Nxc3 8. bxc3 Be7 {was possible but I believe that the
queen is better placed on c2 than d3.}) 8. Bg2 Nxc3 9. O-O $1 {That's the
whole concept, White wants to sacrifice a pawn in order to get some
compensation.} Nc6 ({It was impossible to keep the knight:} 9... Na4 $2 10. a3
Be7 11. Nb5 $1 {and White is much better.}) ({During my preparation I
considered also} 9... Nxe2+ 10. Qxe2 O-O 11. Be3 {but White has very pleasant
compensation here.}) 10. bxc3 Bxc3 (10... Be7 {I believe this was the best
practical choice. It was clear that my opponent was out of book as he spent
about 20 minutes on this move. In this kind of situation he could choose a
calm continuation where he is only slightly worse.} 11. Rb1 O-O 12. Rd1 {
and of course White would be better thanks to more active pieces.}) 11. Nb3 ({
It's interesting that this game was annotated in the tournament bulletin but
there was a mistake as it was written that I'd played} 11. Nb5 Nd4 (11... Bxa1
12. Bd2 Qd8 13. Rxa1 O-O) 12. Nxd4 Bxd4 {with transpositon. Of course Nb3 was
the move I played. After Nb5 Black can simply take on a1. The author of these
comments believes White has compensation but I can't really see it...}) 11...
Nd4 $5 $146 {Novelty, but I was prepared for this natural move. Black wants to
exchange as many pieces as possible.} ({Till this moment we were following the
game Radjabov-Gashimov which continued} 11... Qe5 12. Bf4 Qf6 13. Rab1 {
with good compensation for White.}) 12. Nxd4 Bxd4 13. Rb1 {During my
preparation before the game I finished here and I decided that White has
pleasant compensation. That's probably true but now I believe that Black
should be ok with some careful moves.} O-O $6 {It's not often when castling is
a mistake. This time it's not the best decision because of the forced line:} (
13... Qc7 $1 14. Ba3 Bc5 (14... d6 15. Rfd1 Bc5 16. Bxc5 dxc5 17. Qa4+ $1 Ke7
18. Qa3 {with good compensation}) 15. Bxc5 Qxc5 16. Bxb7 Rb8 {and Black should
equalise soon.}) 14. Rd1 Bc5 15. Rb5 ({There was nothing after} 15. Bxb7 Bxb7
16. Rxb7 d6 $11) 15... Qc7 16. Bf4 $1 e5 17. Rxc5 $1 {I was quite happy during
the game. White will have a great compensation and I was sure it's not easy to
play this position with Black.} (17. Bxe5 Qxe5 18. Rd5 Bxf2+ $1 $15) 17... Qxc5
18. Rd5 Qb4 $6 (18... Qxd5 $6 19. Bxd5 exf4 20. gxf4 {and I don't see a clear
way to develop the black pieces.}) ({Black should play} 18... Qe7 $1 19. Bxe5
Re8 20. e3 d6 $1 {because it was the only chance to develop his pieces.} 21.
Bxd6 Qf6 22. Bc5 {[%cal Gc5d4,Gc4c5] and White has great compensation but at
least Black can move all his pieces.}) 19. Bxe5 Re8 20. Be4 $1 $16 {...and now
Black is completely paralysed because ...d6 is not an option anymore.} ({
During the game I considered} 20. Bxg7 {but it doesn't work:} Kxg7 21. Rg5+ Kf6
$1 {and Black is winning.}) (20. e3 $5 {was of course also possible but I
thought I should prevent d6.}) 20... h6 21. Bd6 Qe1+ 22. Kg2 a5 {This doesn't
look good but I don't think there is anything better for Black.} 23. Rf5 $1 {
White can start a decisive attack.} (23. Rd1 $2 Qxd1 24. Bh7+ Kh8 25. Qxd1 Kxh7
{and Black can still defend.}) 23... Ra6 24. c5 Re6 25. Bd5 Qa1 $2 {The last
mistake in a very bad position.} (25... Qxe2 26. Qxe2 Rxe2 27. Rxf7 Kh7 28. Rf8
Ra8 29. Kf3 $18) (25... Rc6 {During the game I considered mainly this and I
found a nice finish:} 26. Rxf7 $1 (26. Rf4 {with the threat Qf5 was also fine})
26... Kxf7 27. Qf5+ Kg8 28. Qf8+ Kh7 29. Be5 $1 (29. Bxe6 $4 dxe6 30. Be5 Rc7
$1 31. Bxc7 Bd7 {and Black is already better.}) 29... Qxf2+ $1 30. Kxf2 Rf6+
31. Bxf6 Rxf6+ 32. Qxf6 gxf6 33. Be4+ Kg7 34. Ke3 {and it's an easy win for
White.}) 26. Bxe6 dxe6 27. Be5 $1 {...and my opponent resigned because of} (27.
Be5 $1 Qe1 28. Rf4 (28. Bc3 $2 Qxc3 29. Qxc3 exf5 {and it's not clear if White
can win}) 28... Rc6 29. Rg4 $1 {and White is winning.}) 1-0

[Event "RUS-Cup Final"]
[Site "Sochi"]
[Date "1997.09.24"]
[Round "7"]
[White "Yakovich, Yuri"]
[Black "Ibragimov, Ildar"]
[Result "1-0"]
[WhiteElo "2610"]
[BlackElo "2585"]
[Annotator "Yakovich,Y"]
[PlyCount "159"]
[EventDate "1997.09.17"]
[EventType "tourn"]
[EventRounds "11"]
[EventCountry "RUS"]
[EventCategory "13"]
[SourceTitle "CBM 062"]
[Source "ChessBase"]
[SourceDate "1998.01.31"]
[SourceVersion "1"]
[SourceVersionDate "1998.01.31"]
[SourceQuality "1"]

1. d4 Nf6 2. c4 e6 3. Nc3 Bb4 4. f3 c5 5. d5 d6 6. e4 Bxc3+ 7. bxc3 e5 8. Bd3
Nbd7 9. Ne2 Nf8 10. Be3 (10. h4 h5 (10... h6 11. Be3 Ng6 12. Qd2 Kd7 13. O-O-O
Qa5 14. Kb2 Kc7 15. Ka1 Bd7 16. Rb1 b6 17. Rb3 Qa6 18. h5 Ne7 19. Bf2 Nh7 20.
Ng3 Ng5 21. Nf1 f6 22. Ne3 Rhb8 23. Bg3 Qc8 24. Qf2 Qf8 25. Rb2 Re8 26. Rf1
Rad8 27. Qg1 Nc8 28. Qh2 Re7 29. Be1 Kb7 30. Bd2 Ka8 31. Bc1 Be8 32. g3 Rb7 33.
f4 Nf7 34. Nf5 Ne7 35. Nh4 Bd7 36. Rbf2 Qe8 37. Ng6 Rdb8 38. Rb2 Nc8 39. Be3
Ne7 40. Rfb1 Nxg6 41. hxg6 Nd8 42. f5 Rc7 43. Qe2 Nb7 44. g4 Na5 45. Bc1 {
Piket,J-Seirawan,Y/Monaco blind 1993/EXP 34/1-0 (70)}) 11. Bg5 N8h7 12. Bd2 Qa5
13. a4 Bd7 14. Nc1 Qc7 15. Nb3 g6 16. a5 O-O-O 17. Qe2 Ng8 18. Kd1 f5 19. Be3
Ngf6 20. Nd2 Rde8 21. Kc2 fxe4 22. Nxe4 Nxe4 23. fxe4 Rhf8 24. Bh6 Bg4 25. Qd2
Rf7 26. a6 b6 27. Rhf1 Ree7 28. Kb2 Rxf1 29. Rxf1 Rf7 30. Qe1 Qe7 31. Bc2 Bd7
32. Rf3 Kd8 33. Bd1 Ke8 34. Qg3 {0-1 Malaniuk,V-Vladimirov,E/Moscow rapid 1992/
EXT 92}) 10... h6 11. Qd2 Ng6 12. O-O Bd7 13. Ng3 Qc7 14. Rab1 O-O-O 15. Rb2
Kb8 16. Rfb1 Ka8 $1 (16... Bc8 $6 17. a4 a5 $2 18. Rb5 $16) 17. Rxb7 Qxb7 18.
Rxb7 Kxb7 19. Ne2 $1 {[%cal Ye2c1,Yc1b3,Yb3c5,Yd2c1,Yc1a3,Ya3c5,Ye3c5]} Rb8 20.
Nc1 Ka8 21. Nb3 {/\Nc5} Rhc8 $1 {[%cal Gc8c5,Gf6d7,Gd7c5,Yd7e8]} 22. Qc1 Be8 $1
23. Qa3 {/\Nc5} Nd7 $1 24. g3 {[%cal Yd3f1,Yf1h3,Yh3d7]} Ne7 25. Bf1 Rc7 26.
Qa6 (26. Bh3 Nb6 {[%cal Rb6c4]}) 26... Rb6 27. Qa5 Kb7 (27... Rbb7 $11) 28. Bh3
Nc8 $2 (28... Ra6 29. Qb5+ Rb6 $11) 29. Bxd7 Bxd7 30. Bxc5 $1 Ra6 (30... dxc5
31. Nxc5+ Ka8 32. Nxd7 Rxd7 33. c5 $16) 31. Bxd6 $1 (31. Qb4+ $2 Ka8 32. Bxd6 (
32. Be3 Ra4) 32... Nxd6 $19 33. c5 Ra4) 31... Rxa5 (31... Nxd6 32. Nc5+ $18)
32. Nxa5+ Kb6 33. Bxc7+ $138 (33. Bxe5 $5 Rc5 (33... Kxa5 34. Bxc7+ Ka4 35. c5
Ka3 36. c6 Be8 37. Kf2 Kxa2 38. Ke3 Kb3 39. Kd4 $18) 34. Bd4 Kxa5 35. Bxc5 Nb6
36. Bb4+ Ka4 (36... Ka6 37. c5 $18) 37. c5 Nc4 38. c6 Be8 39. Bf8 g6 40. Kf2
$18) 33... Kxc7 34. c5 Bb5 $138 35. c4 Ba4 36. Kf2 f6 37. Ke3 g5 38. Kd2 h5 39.
h4 a6 40. Ke3 gxh4 41. gxh4 Na7 42. Kd2 $3 (42. f4 Bc2 {[%cal Rc2e4]}) 42...
Nc8 43. f4 $1 exf4 (43... Na7 44. fxe5 fxe5 45. Nb3 {[%cal Rb3c1,Rc1d3,Rd3e5]}
Bxb3 (45... Nc8 46. Nc1 Kd8 47. Nd3 $18) 46. axb3 a5 47. Kc3 Nc8 48. b4 $18)
44. Ke2 Kd8 45. Kf3 Ne7 46. Kxf4 Bd7 47. c6 Ng6+ 48. Kg3 Bg4 49. d6 Ne5 50.
Nb7+ Kc8 51. d7+ Nxd7 52. cxd7+ Kxd7 53. Nc5+ Kd6 54. Nxa6 Ke5 55. c5 Kxe4 56.
c6 Kd5 57. Nb4+ Kc5 58. a3 Kd6 59. Kf4 Be6 60. Ke4 Kc5 61. c7 $1 Kd6 62. Kd4 $1
{[%cal Rb4d5,Rd5f6]} Kxc7 63. Nd5+ Kd6 64. Nxf6 Bf7 65. Ne4+ Kc6 66. Ke5 Bg6
67. Ng3 Kb5 68. Kf6 Bc2 69. Nxh5 Ka4 70. Kg5 Kxa3 71. Nf6 Kb4 72. h5 Kc5 73.
Ng8 Kd6 74. Kf6 Kd7 75. h6 Ke8 76. Kg7 Kd7 77. Nf6+ Ke6 78. Ng4 Bb1 79. Ne3 Ke5
80. Ng2 1-0

[Event "Sharjah FIDE GP"]
[Site "Sharjah"]
[Date "2017.02.27"]
[Round "9"]
[White "Mamedyarov, Shakhriyar"]
[Black "Hou, Yifan"]
[Result "1-0"]
[WhiteElo "2766"]
[BlackElo "2651"]
[Annotator "Yermolinsky,A"]
[PlyCount "63"]
[EventDate "2017.02.18"]
[EventType "swiss"]
[EventRounds "9"]
[EventCountry "UAE"]
[SourceTitle "CBM 177"]
[Source "ChessBase"]
[SourceDate "2017.03.16"]
[SourceVersion "1"]
[SourceVersionDate "2017.03.16"]
[SourceQuality "1"]

1. d4 Nf6 2. c4 e6 3. Nc3 Bb4 (3... c5 4. d5 exd5 5. cxd5 Bd6 6. e4 Bc7 7. Nf3
d6 8. h3 O-O 9. Bd3 Ba5 {The original Snake Benoni}) 4. f3 {Mamedyarov's
favorite reply to the Nimzo. He took up where Shirov blazed the trail some
twenty years ago, and ever since the Azeri star has been the main driving
force behind the development of this line.} c5 {Transposing to a Snake Benoni
is one of many options available for Black. The advantage is in getting there
quicker, but the question still remains how good Black's position really is.} (
{Karpov used to play} 4... d5) ({and there's} 4... O-O 5. a3 Bxc3+ 6. bxc3 Nh5
{Karjakin-Carlsen, 2014.}) 5. d5 O-O (5... b5 6. e4 O-O {transposes.}) 6. e4 b5
({Some players prefer to hide their intentions a bit and first go} 6... d6 {
Just five days ago it was seen in the marquee match-up of Chess.com Pro League
Week 7 between Mamedyarov and So. There followed} 7. Bd3 b5 (7... Nbd7 8. Nge2
Ne5 {gets the bishop, but White may be OK with that as} 9. Bg5 {creates
problems with the pin.}) 8. Nge2 bxc4 9. Bxc4 exd5 10. Bxd5 Nxd5 11. Qxd5 {
this appears to be the problem with putting the pawn on d6 - Black doesn't
have Nc6 to save the rook. Wesley, as we might always expect, had something
prepared.} Qb6 12. Bf4 Be6 13. Qxa8 Nc6 14. Qxf8+ Kxf8 15. Bxd6+ Kg8 16. O-O-O
Na5 {with extra-sharp play. At the end of that crazy game Shakh was able to
inflict a rare defeat on the hard-to-beat Wesley}) 7. e5 {No looking back.} ({
The positional approach} 7. Nh3 d6 8. Nf4 e5 9. Nfe2 {takes too much time, and
Black gets to start his own play with} Nh5 10. g4 Qh4+ 11. Kd2 Nf4 12. Nxf4
exf4 13. Kc2 {Eljanov-Harikrishna, Stavanger 2016}) 7... Ne8 8. f4 d6 9. Nf3
exd5 10. cxd5 Nc7 ({The game that started it all was a classic battle
Shirov-Kramnik, Shanghai 2010:} 10... c4 11. a4 Bg4 (11... Nd7 12. Be2 Qb6 13.
axb5 Nc7 {in the later game Mamedyarov-Karjakin.}) 12. axb5 Nd7 13. e6 fxe6 14.
dxe6 Nb6 15. Be2 Nc7 16. Ng5 Bxe2 17. Qxe2 d5 ({Possibly a better move was} 
17... Qf6 18. O-O h6 19. Nce4 Qf5) 18. O-O Qf6 19. f5 $1 {leading to a victory
for the Latvian.}) 11. a4 {There comes a novelty.} (11. Bd3 c4 12. Be4 f5 $1 {
worked out well for Black number of times, including Shirov-Grandelius, 2016.})
11... Bb7 12. Bd3 h6 $2 {Hou chooses the wrong way to secure the king.} ({
Granted, it was hard to ignore the threat, but} 12... Nxd5 13. Bxh7+ Kxh7 14.
Ng5+ Kg8 (14... Kg6 15. f5+ {crashes}) 15. Qh5 Qxg5 16. fxg5 Nxc3 {might just
be playable for Black, e.g.} 17. O-O g6 18. Qg4 Nc6 19. bxc3 Bxc3 20. Ra3 Bd4+
21. Be3 b4) ({The best way was} 12... g6 13. O-O c4 14. Be4 Nd7 15. exd6 Ne8)
13. O-O Bxc3 ({Now in the event of} 13... c4 {White has a powerful idea in} 14.
Bb1 dxe5 15. fxe5 Nxd5 16. Qc2) 14. bxc3 dxe5 15. axb5 e4 (15... Nxd5 16. fxe5
{with his bishop pair and strong pawn on b5 White should be very optimistic
here:} Nxc3 17. Qd2 Nd5 18. Be4 Qd7 19. Ba3 $16) 16. Bxe4 Bxd5 17. Bb1 $1 Nd7
18. c4 $1 Bb7 ({Naturally, not} 18... Bxc4 $2 19. Qc2) ({but} 18... Bxf3 19.
Qxf3 Ne6 {was a must, although I doubt Black can survive this.}) 19. Ra3 $1 {
Shakh is incredibly strong in such positions.} Ne6 20. Qc2 ({A mere extra pawn
after} 20. Rd3 Bxf3 21. Qxf3 Nd4 22. Qf2 Qc7 23. Bb2 Nf6 24. Bxd4 {etc. was
not good enough for Shakh.}) 20... Nf6 21. Bb2 Ne4 ({Black should have tried
her luck in the endgame:} 21... Be4 22. Bxf6 Bxc2 23. Bxd8 Bxb1 24. Be7 Rfe8
25. Bxc5 Nxc5 26. Rxb1 Re4 {although White then has the powerful} 27. b6) 22.
Rd3 Qc7 23. f5 {Black's pieces are totally overwhelmed.} Nd4 24. Nxd4 cxd4 25.
Bxd4 a6 26. b6 Qc6 27. f6 Rfd8 28. fxg7 Rd6 29. c5 Rg6 30. Ba2 Ng5 31. Rg3 Nh3+
{One last try, but...} 32. Kh1 {...forced resignation. It seemed Hou was a bit
out of her league challenging Shakh in his territory, but overall, she showed
solid play in Sharjah. Shakh, in his case, must be content with making up for
his loss to Grischuk in the previous round and gaining a share of first place.}
1-0

[Event "Norway Chess 6th"]
[Site "Stavanger"]
[Date "2018.06.02"]
[Round "5"]
[White "Vachier Lagrave, Maxime"]
[Black "Aronian, Levon"]
[Result "1/2-1/2"]
[WhiteElo "2789"]
[BlackElo "2764"]
[Annotator "Yermolinsky,A"]
[PlyCount "49"]
[EventDate "2018.05.28"]
[EventType "tourn"]
[EventRounds "9"]
[EventCountry "NOR"]
[EventCategory "22"]
[SourceTitle "CBM 185"]
[Source "ChessBase"]
[SourceDate "2018.07.13"]
[SourceVersion "1"]
[SourceVersionDate "2018.07.13"]
[SourceQuality "1"]

1. d4 Nf6 2. c4 e6 3. Nc3 Bb4 4. Nf3 c5 5. g3 cxd4 6. Nxd4 O-O 7. Bg2 d5 8.
cxd5 Nxd5 9. Qb3 {Predictable.} ({Perhaps, it is time for White to revisit} 9.
Bd2) 9... Nc6 10. Nxc6 bxc6 11. O-O Rb8 ({The main line used to be} 11... Qa5
12. Bd2 Bxc3 13. bxc3 Ba6 14. Rfd1 Qc5) 12. Qc2 ({White has a little pull after
} 12. a3 Nxc3 13. bxc3 Bd6 14. Qa4 {known since Atalik-Ulibin, 1996(!)}) 12...
Ba6 13. Rd1 Bxc3 14. bxc3 Qa5 {Aronian uses known ideas in a different
interpretation.} 15. Bb2 {Probably this is not the kind of future MVL
visualised for his bishop.} ({but} 15. Bd2 {was no longer possible on account
of} Bxe2 16. c4 Nb4) 15... Bc4 16. Rd4 Qa6 17. e4 (17. Ba3 Qxa3 18. Rxc4 Rfc8)
17... Nb6 18. a4 e5 19. Rd2 Qa5 20. Rd6 c5 21. Bh3 {I think Maxime was already
looking for an escape. Conveniently, Levon was OK with a draw, and the players
took the first chance for a repetition.} Nc8 22. Rd2 Nb6 23. Rd6 Nc8 24. Rd2
Nb6 25. Rd6 1/2-1/2